Statystyki dla Lokacje Fortnite

Kliknij tutaj aby rozwiązać quiz!

Ogólne statystyki

  • Ten quiz został rozwiązany 1 141 razy
    (1 124 od ostatniego zresetowania)
  • Średni wynik to 12 z 49

Statystyki odpowiedzi

SezonLokacja% Poprawnych
2-8Wykrzywione Wieże
74%
1-12Przyjemny Park
72%
1-8, 10-12Sklepowa Sadyba
55%
1-12Słone Strzechy
53%
1-6,10Lepki Lasek
51%
12Agencja
46%
12Rekin
36%
12Grota
34%
11-12Zalew Zastoju
34%
1-10Zalew Zdobyczy
34%
11-12Piszcząca Puszcza
32%
5-10Oaza Odpoczynku
29%
4-9Wypasiona Wyrwa
29%
11-12Gasnące Gaje
28%
4-7, 12Karkołomne Kino
28%
1-7Płacząca Puszcza
28%
2-10Butny Brzeg
27%
12Jacht
26%
11-12Kurzące Kominy
26%
12Platforma
26%
1-3,10Stęchły Skład
26%
1-10Zgubne Ziemie
25%
5-7Golfowe Gniazdko
24%
9-10Neo Wykrzywione
24%
11-12Siorbane Szuwary
24%
2-10Szemrane Szyby
24%
1-4Akry Anarchii
23%
11-12Potne Piaski
23%
11-12Zielone Żywopłoty
23%
2-10Widmowe Wzgórza
22%
11-12Farma Furii
21%
1-4Mokre Moczary
21%
2-10Rozdroża Rupieci
21%
11-12Paskudna Przystań
20%
1-10Samotne Schronisko
20%
11-12Skaliste Skarpy
18%
8-10Leniwa Laguna
15%
7-10Podium
15%
9-10Mega Market
14%
7-10Srogi Szczyt
14%
7-10Sielskie Sioło
13%
8-10Słoneczne Stopnie
12%
7-10Lodowe Lądowiska
10%
9-10Elektrownia Ciśnieniowa
5%
10Wykrzywione Miasteczko
4%
10Moczary Odpoczynku
2%
3-10Pagody Pomyślości
1%
1-7Pomidorowy Przyczółek
1%
1-6Spławialnia Spłuczek
1%

Rozkład punktacji

Percentyl według liczby udzielonych odpowiedzi

Procent ludzi z każdym wynikiem

Twoja historia wyników

Nie rozwiązałeś tego quizu od ostatniego zresetowania